Études de théologie, de philosophie et d'histoire / (Record no. 173405)

MARC details
000 -LEADER
campo de control de longitud fija 00858nas a2200229 i 4500
001 - NÚMERO DE CONTROL
campo de control 173405
003 - IDENTIFICADOR DE NÚMERO DE CONTROL
campo de control ES-MaACL
005 - FECHA Y HORA DE LA ÚLTIMA TRANSACCIÓN
campo de control 20250217134851.0
008 - DATOS DE LONGITUD FIJA--INFORMACIÓN GENERAL
campo de control de longitud fija 091201d18571861fr | | ||re d
245 00 - MENCIÓN DEL TÍTULO
Título Études de théologie, de philosophie et d'histoire /
Mención de responsabilidad, etc. publiées par les PP. Charles Daniel et Jean Gagarin de la Compagnie de Jésus.
260 ## - PUBLICACIÓN, DISTRIBUCIÓN, ETC.
Lugar de publicación, distribución, etc. Paris :
Nombre del editor, distribuidor, etc. Paris : Julien, Lanier et Cie,
Fecha de publicación, distribución, etc. 1857-61.
300 ## - DESCRIPCIÓN FÍSICA
Extensión 2 v. ;
Dimensiones 22 cm.
310 ## - PERIODICIDAD ACTUAL
Periodicidad actual Trimestral (1859-1861)
321 ## - PERIODICIDAD ANTERIOR
Periodicidad anterior Irregular (1857-1858)
362 0# - FECHAS DE PUBLICACIÓN Y/O DESIGNACIÓN SECUENCIAL
Fecha de publicación y/o designación secuencial T. 1 ([1856])-t. 3 (1858) ; n.s., t. 1, n° 1 (1859, mars)-t. 3, n° 4 (1861, déc.)
700 1# - ENTRADA AGREGADA--NOMBRE PERSONAL
Nombre de persona Daniel, Charles.
9 (RLIN) 141682
700 1# - ENTRADA AGREGADA--NOMBRE PERSONAL
Nombre de persona Gagarine, Ivan Sergueevitch.
9 (RLIN) 141683
785 00 - ENTRADA/ENLACE A UN TÍTULO POSTERIOR
Título Etudes religieuses, historiques et littéraires
852 ## - LOCALIZACIÓN
Ubicación ES-MaACL
Número de control de estantería G-371-72
866 #0 - MENCIÓN TEXTUAL DE FONDOS--UNIDAD BIBLIOGRÁFICA BÁSICA
Fondos 1860-61.
Holdings
Estatus retirado Estado de pérdida Estado de daño No para préstamo Colección Biblioteca de origen Biblioteca actual Ubicación en estantería Fecha de adquisición Fuente de adquisición Total de préstamos Signatura topográfica completa Código de barras Visto por última vez Precio de reemplazo Tipo de ítem Koha
        Periódicos y Revistas Biblioteca del Ateneo de Madrid Biblioteca del Ateneo de Madrid Depósito 2 01/12/2009     G-371-72 1181982 23/02/2023 23/02/2023 Revista